书目信息 |
| 题名: |
生态空间分布及管控策略研究
|
|
| 作者: | 周启刚 , 李剑 , 庞敏 著 | |
| 分册: | ||
| 出版信息: | 成都 西南财经大学出版社 2021.12 |
|
| 页数: | 139页 | |
| 开本: | 24cm | |
| 丛书名: | ||
| 单 册: | ||
| 中图分类: | X321.271.9 | |
| 科图分类: | ||
| 主题词: | 生态环境建设--sheng tai huan jing jian she--研究--重庆 | |
| 电子资源: | ||
| ISBN: | 978-7-5504-4871-1 | |
| 000 | 01029nam0 2200241 450 | |
| 001 | 011025152834 | |
| 005 | 20221025152834.0 | |
| 010 | @a978-7-5504-4871-1@dCNY78.00 | |
| 100 | @a20201004d2021 em y0chiy0120 ea | |
| 101 | 0 | @achi |
| 102 | @aCN@b510000 | |
| 105 | @aa z 000yy | |
| 106 | @ar | |
| 200 | 1 | @a生态空间分布及管控策略研究@Asheng tai kong jian fen bu ji guan kong ce lue yan jiu@e以重庆为例@f周启刚, 李剑, 庞敏著 |
| 210 | @a成都@c西南财经大学出版社@d2021.12 | |
| 215 | @a139页@c图@d24cm | |
| 330 | @a本研究对生态空间相关的文献和政策进行了梳理和深入研究,对生态保护红线、自然保护地、生态空间有了充分的认识。选择了鄱阳湖流域、沈阳市、成都市生态空间管控作为经典案例进行研究,总结生态空间管控的特色和发展思路,对重庆市生态空间管控具有重要的学习和借鉴意义。 | |
| 606 | 0 | @a生态环境建设@Asheng tai huan jing jian she@x研究@y重庆 |
| 690 | @aX321.271.9@v5 | |
| 701 | 0 | @a周启刚@Azhou qi gang@f(1976-)@4著 |
| 701 | 0 | @a李剑@Ali jian@4著 |
| 701 | 0 | @a庞敏@Apang min@4著 |
| 905 | @a河南城建学院图书馆@dX321.271.9@eZ781 | |
| 生态空间分布及管控策略研究:以重庆为例/周启刚, 李剑, 庞敏著.-成都:西南财经大学出版社,2021.12 |
| 139页:图;24cm |
| ISBN 978-7-5504-4871-1:CNY78.00 |
| 本研究对生态空间相关的文献和政策进行了梳理和深入研究,对生态保护红线、自然保护地、生态空间有了充分的认识。选择了鄱阳湖流域、沈阳市、成都市生态空间管控作为经典案例进行研究,总结生态空间管控的特色和发展思路,对重庆市生态空间管控具有重要的学习和借鉴意义。 |
| ● |
| 相关链接 |
|
|
|
正题名:生态空间分布及管控策略研究
索取号:X321.271.9/Z781
 
预约/预借
| 序号 | 登录号 | 条形码 | 馆藏地/架位号 | 状态 | 备注 |
| 1 | 1586015 | 215860156 | 自科库501/501自科库 66排4列3层/ [索取号:X321.271.9/Z781] | 在馆 |